01503cam a22004094i 4500003000900000005001700009008004100026020001500067035002700082040003300109082002000142100002700162245003500189264004300224300006200267336002100329337002500350338002300375490003100398504005600429505040500485526000900890526000900899526000900908526000900917526000900926526000900935526000800944526000800952526000800960526000800968526000800976526000800984650004400992650003001036700002701066PE-LiUPU20250731184531.0150623s r 000 0 d a0500280363 a(Sirsi) i9780500280362 aPE-LiUPUbspacPE-LiUPUerda04a932.01bA362211 aAldred, Cyril,eautor.14aThe Egyptians /cCyril Aldred. 1aSingapore :bThames and Hudson,c1998. a224 páginas :bilustraciones, fotos ;c24 centímetros atext2rdacontent aunmediated2rdamedia avolume2rdacarrier0 aAncient Peoples and Places aIncluye bibliografía al final de cada capítulo.0 aTue loss and recovery of pagan Egypt.- The ancientplaces.- The natural resources.- The settlement of Egypt.- Predynastic Egypt.- The Archaic Period.- The Pyramid Age of the old Kingdom I.- The Pyramid Age of the Old Kingdom II.- The First Intermediante Period.- The Middle Kingdom.- The Second Intermediate Periods.- The New Kingdom.- The Trird Intermediate and Late Periods.- Egyptian social groups. aP136 aP135 aP134 aP133 aP144 aP143 aP87 aP35 aP20 aP14 aP10 aP0604aEgiptoxCivilizaciónya 332 a. de JC.04aEgiptoxHistoriay332 aC.1 aDodson, Aidan,d1962-.